Statistics for Liverpool FC All Time Top Goalscorers [Updated]

Click here to take the quiz!

General Stats

  • This quiz has been taken 1,096 times
    (925 since last reset)
  • The average score is 13 of 51

Answer Stats

GoalsPlayer% Correct
177Steven Gerrard
95%
346Ian Rush
94%
82Luis Suarez
87%
158Michael Owen
85%
183Robbie Fowler
83%
81Fernando Torres
81%
172Kenny Dalglish
78%
108John Barnes
57%
71Dirk Kuyt
46%
100Kevin Keegan
44%
286Roger Hunt
43%
60Emile Heskey
42%
66Steve McManaman
40%
55Graeme Souness
34%
118Ian St John
34%
63John Aldridge
33%
68Ian Callaghan
28%
96John Toshack
27%
228Billy Liddell
25%
59Peter Beardsley
23%
72Ray Kennedy
21%
78David Johnson
20%
81Terry McDermott
19%
59Phil Neal
18%
76Steve Heighway
17%
241Gordon Hodgson
15%
61Jan Molby
15%
54Peter Thompson
15%
55David Fairclough
14%
73Ronnie Whelan
13%
128Jack Parkinson
9%
50Steve McMahon
9%
151Harry Chambers
6%
53John Evans
6%
83Albert Stubbins
4%
61Chris Lawler
4%
110Jack Balmer
4%
63Alan A'Court
3%
52Alf Hanson
3%
65Bobby Robinson
3%
130Sam Raybould
3%
124Dick Forshaw
2%
56George Allan
2%
78Jimmy Melia
2%
77Arthur Goddard
1%
79Barry Nieuwenhuys
1%
51Harry Bradshaw
1%
80Jack Cox
1%
74Joe Hewitt
1%
56Tom Miller
1%
57Willie Fagan
1%

Score Distribution

Percentile by Number Answered

Percent of People with Each Score

Your Score History

You have not taken this quiz since the last reset